animes Seinen/psychologiques - Statistiques

Statistiques générales
  • Ce quiz a été pris 223 fois
    220 depuis la dernière actualisation
  • Le résultat moyen est 6 sur 36
Statistiques - réponses
animés % Correct
8 Monster
61%
2 Death Note
60%
10 Neon Genesis Evangelion
55%
15 Parasyte
36%
34 Shingeki no Kyojin
35%
27 Vinland Saga
34%
21 Code Geass
29%
7 Psycho-Pass
28%
23 Erased
24%
1 Steins;Gate
24%
6 Serial Experiments Lain
22%
16 Death Parade
17%
36 Devilman Crybaby
17%
31 Classroom of the elite
14%
32 Akira
13%
26 Tomodachi Game
13%
35 Elfen Lied
12%
33 Cowboy Bebop
11%
25 The Future Diary
10%
11 Perfect Blue
9%
12 Terror in Resonance
9%
18 Ergo Proxy
8%
14 Ghost in the shell
7%
9 Paprika
7%
5 Paranoia Agent
7%
28 91 days
6%
20 Mushishi
5%
17 Texhnolyze
5%
30 Inuyashiki
4%
22 Puella Magi Madoka Magica
4%
19 The Tatami Galaxy
4%
13 Welcome to the NHK
4%
3 FLCL
3%
24 Mononoke
3%
29 Wonder Egg Priority
3%
4 Sonny Boy
2%
Aucun quiz correspondant
Distribution des résultats
% des personnes avec chaque résultat
Percentile par nombre de réponses
Votre historique - résultats
Vous n’avez pas pris ce quiz depuis la dernière actualisation